| 000 | 00594nam a2200217Ia 4500 | ||
|---|---|---|---|
| 005 | 20241129120046.0 | ||
| 008 | 241129s9999||||xx |||||||||||||| ||und|| | ||
| 020 | _a9798886130072 | ||
| 037 | _aTB | ||
| 040 |
_aSDCL _beng _cSDCL |
||
| 041 |
_aeng _2eng |
||
| 084 |
_aX:(B), R4 _qSDCL |
||
| 100 |
_aHong Yongmiao _9729031 |
||
| 245 | 0 | _aProbability and Statstic for Economists | |
| 260 |
_aChennai _bWorld Scientific _c2024 |
||
| 300 | _axiii,577p. | ||
| 365 |
_aINR _b1595 |
||
| 650 | _aBusiness Economics and Finance | ||
| 942 |
_cTB _hX:(B), R4 |
||
| 999 |
_c1233173 _d1233173 |
||